Response of Armed Forces freedom struggle of India / (Record no. 133733)

MARC details
000 -LEADER
fixed length control field 00664nam a22002297a 4500
005 - DATE AND TIME OF LATEST TRANSACTION
control field 20170124110214.0
010 ## - LIBRARY OF CONGRESS CONTROL NUMBER
LC control number A-709853
020 ## - INTERNATIONAL STANDARD BOOK NUMBER
Terms of availability 60.00
035 ## - SYSTEM CONTROL NUMBER
System control number A-709853
037 ## - SOURCE OF ACQUISITION
Source of stock number/acquisition Cen Lib/Ret
040 ## - CATALOGING SOURCE
Original cataloging agency DPL
Language of cataloging EN
082 ## - DEWEY DECIMAL CLASSIFICATION NUMBER
Classification number 954.0841
Item number ROY
100 ## - MAIN ENTRY--PERSONAL NAME
Personal name Roy, Santimoy
9 (RLIN) 38771
245 ## - TITLE STATEMENT
Title Response of Armed Forces freedom struggle of India /
Statement of responsibility, etc by Santimoy Roy
260 ## - PUBLICATION, DISTRIBUTION, ETC. (IMPRINT)
Name of publisher, distributor, etc Suprakashani
Place of publication, distribution, etc Calcutta
Date of publication, distribution, etc 1984
270 ## - ADDRESS
City Calcutta
Address 8B, College
Postal code 700009
300 ## - PHYSICAL DESCRIPTION
Extent v, 252p.
Dimensions 23cm(Hb)
500 ## - GENERAL NOTE
General note Includes index
650 ## - SUBJECT ADDED ENTRY--TOPICAL TERM
Topical term or geographic name as entry element India. -- Army
9 (RLIN) 14955
650 ## - SUBJECT ADDED ENTRY--TOPICAL TERM
Topical term or geographic name as entry element India -- Armed Forces
9 (RLIN) 38772
942 ## - ADDED ENTRY ELEMENTS (KOHA)
Source of classification or shelving scheme Dewey Decimal Classification
Koha item type English Books
Classification part 954.0841
Call number suffix ROY
Holdings
Withdrawn status Lost status Damaged status Not for loan Collection code Home library Current library Date acquired Source of acquisition Cost, normal purchase price Total Checkouts Full call number Barcode Date last seen Copy number Cost, replacement price Price effective from Koha item type
      Not For Loan Reference Central Library Central Library 27/07/2015 Cen Lib/Ret 60.00   954.0841 ROY A-709853 27/07/2015 1 60.00 15/09/2016 English Books

© Delhi Public Library
Hit Counter
free hit counter